Bilančná politika a jej ťažisko pri zostavovaní účtovnej závierky bakalárska práca

Saved in:
Bibliographic Details
Main Author: Briedová, Petra
Corporate Author: Fakulta hospodárskej informatiky EU. Katedra účtovníctva a audítorstva
Other Authors: Husárová, Stanislava
Format: Book
Language:Slovak
Published: Bratislava 2009
Tags: Add Tag
No Tags, Be the first to tag this record!

MARC

LEADER 00000nam$a2200000$$$4500
001 0101039
005 20240318134616.4
041 0 |a slo 
044 |a SK 
245 1 0 |a Bilančná politika a jej ťažisko pri zostavovaní účtovnej závierky  |b bakalárska práca  |c Petra Briedová ; škol. Stanislava Husárová 
264 1 |a Bratislava  |c 2009 
300 |a 36 s. 
100 1 |a Briedová, Petra 
700 1 |a Husárová, Stanislava 
710 2 |a Fakulta hospodárskej informatiky EU. Katedra účtovníctva a audítorstva